[Event "Mumbai Mayors Cup 5th"]
[Site "Mumbai"]
[Date "2012.06.08"]
[Round "3"]
[White "Sauravh, Khherdekar"]
[Black "Adhiban, Baskaran"]
[Result "0-1"]
[WhiteElo "2290"]
[BlackElo "2555"]
[PlyCount "92"]
[EventDate "2012.06.07"]
[EventType "swiss"]
[EventRounds "11"]
[EventCountry "IND"]
[SourceTitle "CBM 148 Extra"]
[Source "ChessBase"]
[SourceDate "2012.06.22"]
[SourceVersion "1"]
[SourceVersionDate "2012.06.22"]
[SourceQuality "1"]

1. d4 Nf6 2. c4 c5 3. d5 b5 4. cxb5 a6 5. bxa6 Bxa6 6. Nc3 d6 7. e4 Bxf1 8. Kxf1 g6 9. g3 Bg7 10. Kg2 0-0 11. Nf3 Nbd7 12. Re1 Ng4 13. a4 Qa5 14. Nb5 Qb6 15. h3 Nge5 16. Nxe5 Nxe5 17. f4 Nd7 18. Qc2 Qb7 19. Bd2 Nb6 20. Bc3 Nxa4 21. Rxa4 Qxb5 22. Rxa8 Rxa8 23. e5 Qb7 24. Qe4 dxe5 25. fxe5 Rd8 26. d6 Qxe4+ 27. Rxe4 exd6 28. exd6 Bxc3 29. bxc3 Rxd6 30. Rc4 Rd5 31. Kf3 f5 32. Kf4 Kf7 33. Ra4 Ke6 34. c4 Rd4+ 35. Kg5 Ke5 36. Ra7 Rd3 37. Re7+ Kd4 38. Kf4 h5 39. Rg7 h4 40. gxh4 Rxh3 41. Rxg6 Rxh4+ 42. Kxf5 Kxc4 43. Ke5 Kb4 44. Rb6+ Kc3 45. Kd5 c4 46. Rg6 Kb3 0-1